000
00315nam a2200133Ia 4500
008
151213s9999 xx 000 0 und d
245
_a
SAS Language & Procedure I
250
_a
2nd
260
_a
Cary Ne.USA
_b
SAS Institute
_c
1996
300
_a
3113 p.
650
_a
Computer
650
_a
Computer
999
_c
2138
_d
2138